| 000 | 00489nam a2200169Ia 4500 | ||
|---|---|---|---|
| 003 | SGT | ||
| 020 | _a9788121925242 | ||
| 082 |
_a621.811 _bKHU |
||
| 100 | _aKhurmi,R.S | ||
| 245 | _aTheory of Machines | ||
| 260 |
_bS.Chand _aN.Delhi _c2009 |
||
| 300 | _a1071p. | ||
| 650 | _aMECHANICAL ENGINEERING | ||
| 653 | _aKINEMATICS OF MOTION,KINETICS OF MOTION,SIMPLE HARMONIC MOTION,FRICTION BELT ROPE AND CHAIN DRIVES,TOOTHED GEARING,GEAR TRAINS | ||
| 700 | _aGupta,J.K | ||
| 942 |
_2ddc _cBK _01 |
||
| 999 |
_c5751 _d5751 |
||